Liedtext - Radio - Wise Guys - Statistiken

Allgemein
  • Dieses Quiz wurde 28 mal gespielt
  • Das Durchschnittsergebnis liegt bei 294 aus 370
Antwortstatistiken
Antwort % Korrekt
auf
100%
das
100%
Das
100%
den
100%
Der
100%
der
100%
du
100%
ich
100%
Ich
100%
Radio
100%
und
100%
Und
100%
wir
100%
Wir
100%
an
94%
Die
94%
die
94%
dreh
94%
durch
94%
entgegen
94%
"Es
94%
es
94%
Es
94%
fahren
94%
laut
94%
Mach
94%
richtig
94%
so
94%
Sonne
94%
Sommerregen
88%
uns
88%
wär'
88%
Wer
88%
aus
82%
dem
82%
dich
82%
ein
82%
Hab
82%
im
82%
mehr
82%
nicht
82%
Wenn
82%
wenn
82%
Aber
76%
Doch
76%
geht
76%
geht:
76%
Hat
76%
immer
76%
Regen
76%
weiter
76%
wird
76%
Wird
76%
dir
71%
hier
71%
in
71%
ist
71%
jetzt
71%
nach
71%
raus
71%
sagen:
71%
Was
71%
was
71%
werden
71%
alte
65%
auseinander
65%
bald
65%
Cabrio
65%
durchziehen
65%
fällt
65%
fragen
65%
gesehen
65%
glücklich
65%
Hauptsache
65%
immerhin
65%
jemals
65%
Kino
65%
lang
65%
Leid"
65%
nichts
65%
Polizei
65%
schon
65%
tut
65%
weiß
65%
zu
65%
alles
59%
Bescheid
59%
Einfach
59%
ganz
59%
gehen
59%
keiner
59%
Kinofilm
59%
lässt
59%
mich
59%
Nachbarn
59%
rennen
59%
schrecklich
59%
trennen
59%
viel
59%
warm
59%
Würd'
59%
Arm
53%
ebenso
53%
froh
53%
geradeaus
53%
gibt
53%
Nacht
53%
nur
53%
trotzdem
53%
durchnässt
47%
gedacht?
47%
glaub'
47%
hätte
47%
Karte
47%
lassen
47%
mit
47%
Nehm
47%
Ohne
47%
ohne
47%
steht
47%
Total
47%
von
47%
Wie
47%
erwarte
41%
noch
41%
sich
41%
Vollgas
41%
Wege
41%
Wolken
41%
Dach
35%
Geht's
35%
liegen
35%
nervös
35%
wegbewegen
35%
Keine übereinstimmenden Quizze gefunden
Verteilung der Resultate
Anzahl Personen mit jedem Resultat
Perzentil nach korrekt beantworteten Fragen
Ihre Resultats-Entwicklung
Sie haben dieses Quiz noch nicht gespielt